Psicología. Manual adaptado a los programas vigentes en los establecimientos de segunda enseñanza

Salvato in:
Dettagli Bibliografici
Autore principale: Guerrero, Luis Juan (Autore)
Natura: Libro
Lingua:spagnolo
Pubblicazione: Buenos Aires Losada 1952
Edizione:12a. ed
Soggetti:
Tags: Aggiungi Tag
Nessun Tag, puoi essere il primo ad aggiungerne!!

MARC

LEADER 00000cam a2200000 a 4500
001 UCF6662
003 CL-VaPUC
008 130516e19520000AG |||||||||||||||||spa|d
082 0 4 |a 150  |b GUE  |2 21 
100 |a Guerrero, Luis Juan  |e author  |9 568690 
245 1 0 |a Psicología. Manual adaptado a los programas vigentes en los establecimientos de segunda enseñanza 
250 |a 12a. ed 
300 |a 353 p 
942 |c BK 
945 |d 20130516 00:00:00  |a cmena 
260 |a Buenos Aires  |b Losada  |c 1952 
650 7 |a TEORIAS PSICOLOGICAS  |2 CL-VaPUC  |9 455532 
650 0 |a Desarrollo Personal  |9 390751 
650 0 |a Psicoanálisis   |9 265702 
650 0 |a Psicología cognitiva   |9 306250 
650 0 |a Psicología del desarrollo  |9 307541 
650 0 |a Psicología individual  |9 309049 
583 |a last modification  |c 20130516 09:57:00  |k Rodrigo Vera 
999 |c 351801  |d 351799 
952 |0 0  |1 0  |4 0  |6 150_000000000000000_GUE_1952  |7 0  |8 P  |9 456142  |a BIBEDU  |b BIBEDU  |c BIBEDU_PB  |d 2019-11-22  |i 4957202  |o 150 GUE 1952  |p 4957202  |r 2024-01-25  |w 2019-11-22  |y BK  |k BME